| 000 | 00568nam a2200121Ia 4500 | ||
|---|---|---|---|
| 008 | 220615s9999||||xx |||||||||||||| ||und|| | ||
| 100 | _aLongpre, Luc||Durand, Frederic | ||
| 245 | 0 | _aChapter Handling Transition from Legacy Aircraft Communication Services to New Ones – A Communication Service Provider's View | |
| 546 | _aEnglish[eng] | ||
| 650 | _aEarth sciences, geography, environment, planning | ||
| 856 | _uhttps://library.oapen.org/bitstream/20.500.12657/48945/1/20426.pdf||https://library.oapen.org/bitstream/20.500.12657/48945/1/20426.pdf | ||
| 942 | _cEB | ||
| 999 |
_c10250 _d10250 |
||